Statistiche per Paesi Più Vicini all'Italia

Clicka qui per fare il quiz!

Statistiche generali

  • Questo quiz è stato fatto 4.394 volte
    (4.393 dall'ultimo reset)
  • Il punteggio medio è 16 su 20

Statistiche sulle risposte

kmnazionemiglia% Corretto
0Francia0
99%
0Austria0
97%
0Svizzera0
94%
0Slovenia0
93%
45Germania28
93%
0San Marino0
92%
0Città del Vaticano0
92%
13Croazia8
90%
73Albania45
88%
78Grecia49
88%
81Malta50
84%
153Bosnia Erzegovina95
80%
8Monaco5
78%
174Montenegro108
76%
71Tunisia44
76%
68Liechtenstein43
69%
214Algeria133
64%
204Macedonia del Nord127
63%
188Ungheria117
61%
218Cechia135
57%

Distribuzione punteggi

Percentile per numero di risposta

Percentuale di utenti per punteggio

I tuoi punteggi nel tempo

Non hai fatto questo quiz dall'ultimo reset